000
00272nam a2200109Ia 4500
008
220204s9999 xx 000 0 und d
082
_a
053
_b
CRO
100
_a
Croft, W F
245
0
_a
Relationship in physical science
260
_a
New York
_b
McGraw Hill
_c
1972
942
_c
BK
999
_c
22410
_d
22410